| 000 | 00466nam a2200181Ia 4500 | ||
|---|---|---|---|
| 001 | 52260 | ||
| 008 | 140503s9999 xx 000 0 und d | ||
| 020 | _a9788182744066 | ||
| 040 | _cPK-LaUMT | ||
| 082 |
_aR 302.2303 _bDAN-D |
||
| 100 | _aDanesi, Marcel | ||
| 245 |
_aDictionary of media and communication _cDanesi, Marcel |
||
| 260 |
_aNew Delhi,India: _bPentagon Press, _c2009 |
||
| 300 | _a331 p. | ||
| 546 | _aEN | ||
| 650 | _aDictionary-Media | ||
| 942 | _cBK | ||
| 999 |
_c49726 _d49726 |
||